Miasta Województwa Małopolskiego - Statystyki

Ogólne statystyki
  • Ten quiz został rozwiązany 149 razy
  • Średni wynik to 41 z 64
Statystyki odpowiedzi
Liczba
ludności
Nazwa % Poprawnych
804 237 Kraków
100%
80 446 Nowy Sącz
99%
103 515 Tarnów
99%
33 049 Nowy Targ
98%
35 806 Oświęcim
98%
25 266 Zakopane
98%
28 572 Bochnia
94%
27 506 Wieliczka
92%
17 331 Wadowice
91%
34 129 Chrzanów
90%
32 467 Olkusz
90%
17 800 Myślenice
83%
25 682 Gorlice
82%
15 980 Brzesko
81%
14 486 Limanowa
81%
8 679 Stary Sącz
81%
24 028 Skawina
80%
3 614 Zator
79%
18 503 Andrychów
78%
12 264 Rabka-Zdrój
77%
10 990 Miechów
76%
11 507 Dąbrowa Tarnowska
75%
8 926 Sucha Beskidzka
75%
16 644 Niepołomice
72%
4 309 Kalwaria Zebrzydowska
71%
9 631 Krynica-Zdrój
71%
4 452 Muszyna
69%
16 039 Libiąż
66%
17 772 Kęty
65%
18 613 Trzebinia
65%
5 418 Piwniczna-Zdrój
64%
3 258 Alwernia
63%
5 771 Proszowice
63%
5 288 Szczawnica
63%
5 547 Maków Podhalański
61%
7 819 Mszana Dolna
61%
5 406 Jordanów
58%
5 947 Grybów
57%
1 611 Nowe Brzesko
57%
9 726 Krzeszowice
56%
3 875 Skała
56%
4 341 Biecz
55%
10 703 Brzeszcze
54%
8 104 Wolbrom
54%
2 733 Nowy Wiśnicz
48%
2 487 Ciężkowice
47%
6 227 Tuchów
47%
3 054 Bobowa
45%
4 159 Słomniki
45%
8 461 Chełmek
44%
2 304 Czchów
44%
2 398 Świątniki Górne
44%
4 118 Żabno
44%
9 526 Bukowno
43%
3 684 Czarny Dunajec
43%
6 195 Dobczyce
43%
6 493 Sułkowice
43%
769 Koszyce
40%
3 137 Wojnicz
40%
1 571 Zakliczyn
40%
2 675 Ryglice
33%
4 079 Szczucin
31%
2 682 Radłów
29%
848 Książ Wielki
27%
Nie znaleziono quizów pasujących do podanych kryteriów
Rozkład punktacji
Procent ludzi z każdym wynikiem
Percentyl według liczby udzielonych odpowiedzi
Twoja historia wyników
Nie rozwiązałeś tego quizu